Ibraheem Adham (Record no. 2918)

MARC details
000 -LEADER
fixed length control field 00561nam a2200241 a 4500
020 ## - INTERNATIONAL STANDARD BOOK NUMBER
ISBN
082 00 - DEWEY DECIMAL CLASSIFICATION NUMBER
Classification number 297.409
Author Cutter FAU
100 ## - MAIN ENTRY--AUTHOR NAME
Author name Fauq, M
245 ## - TITLE STATEMENT
Title Ibraheem Adham
260 ## - PUBLICATION, DISTRIBUTION, ETC. (IMPRINT)
Place of publication Tehran
Name of publisher No Publisher
Year of publication 1927
300 ## - PHYSICAL DESCRIPTION
Number of Pages 56p
500 ## - GENERAL NOTE
General note includes index and biblioraphy
505 2# - FORMATTED CONTENTS NOTE
Formatted contents note Plus Some Other Tracts
650 ## - SUBJECT ADDED ENTRY--TOPICAL TERM
Topical Term Sufism-Hagiography
942 ## - ADDED ENTRY ELEMENTS (KOHA)
Koha item type Books
700 1# -
-- Fauq, M
Holdings
Collection code Home library Current library Date acquired Cost, normal purchase price Full call number Accession Number Koha item type
  Henry Martyn Institute Library Henry Martyn Institute Library 07/03/2007 0.25 297.409 FAU 04155 Books
                   Copyright © 2026 | Henry Martyn Institute | Hyderabad | TS-500052 | INDIA | Implemented by hmi.edu.in
Hit-Count:

Powered by Koha